[Event "Open"]
[Site "Zagreb CRO"]
[Date "2006.01.20"]
[Round "7"]
[White "Brkic,A"]
[Black "Senff,M"]
[Result "0-1"]
[WhiteElo "2500"]
[BlackElo "2469"]

1.e4 c5 2.Nf3 d6 3.d4 cxd4 4.Nxd4 Nf6 5.Nc3 a6 6.Be3 e5 7.Nf3 Be7 8.Bc4 O-O
9.O-O Be6 10.Bb3 Nc6 11.Bg5 Nd7 12.Bxe7 Qxe7 13.Nd5 Qd8 14.c3 Na5 15.Re1 Rc8
16.h3 b5 17.Ne3 Nb6 18.Re2 Qe7 19.Nd5 Bxd5 20.Bxd5 Rfd8 21.Nh2 Nac4 22.Ng4 Nxd5
23.Qxd5 Nb6 24.Qd3 Qe6 25.Ne3 Kf8 26.a3 Rd7 27.Rf1 Kg8 28.f4 exf4 29.Rxf4 Re8
30.Nf5 d5 31.e5 Nc4 32.Qg3 Qg6 33.Rg4 Qxf5 34.Rxg7+ Kh8 35.e6 Rdd8 36.Rxf7 Qg6
37.Qh4 d4 38.e7 Rd6 39.Ref2 d3 40.Rf8+ Kg7 41.Rxe8 d2 42.Ref8 d1=Q+ 43.Kh2 Re6
44.Rd8 Qdh5 45.Rd7 Kh6 46.Qf4+ Qhg5 47.Qf8+ Qg7 48.Rf6+ Qxf6 49.e8=Q Qgxf8  0-1

[Event "TCh-BEL 2005-6"]
[Site "Belgium BEL"]
[Date "2006.01.21"]
[Round "7"]
[White "Swinkels,R"]
[Black "Jens,J"]
[Result "1/2-1/2"]
[WhiteElo "2251"]
[BlackElo "2369"]

1.e4 c5 2.Nf3 d6 3.d4 cxd4 4.Nxd4 Nf6 5.Nc3 a6 6.Be3 e5 7.Nb3 Be6 8.f3 Nbd7
9.Qd2 Be7 10.O-O-O O-O 11.Qf2 b5 12.Kb1 b4 13.Nd5 Bxd5 14.exd5 a5 15.Bb5 a4
16.Nc1 Qc7 17.Bc6 Ra6 18.Nd3 Rb8 19.Bd2 b3 20.Bb4 Nb6 21.c4 Nxc4 22.Rc1 bxa2+
23.Ka1 Na5 24.Bxa4 Qd8 25.Rc6 Nxc6 26.Bxc6 Qb6 27.Qxb6 Raxb6 28.Ba3 Rb3 29.Nc1 Re3
30.Kxa2 e4 31.Rf1 exf3 32.Rxf3 Re5 33.Nd3 Re2 34.Rf2 Re4 35.Rf4 Rxf4 36.Nxf4 Ng4
37.b4 Nxh2 38.b5 g5 39.Ne2 Ng4 40.Nd4 Ne3 41.g3 Kf8 42.Kb3 h5 43.Bc1 Nf1
44.Nf5 Bf6 45.Ka4 Be5 46.Bxg5 Nxg3 47.Be7+ Kg8 48.Nxd6 f6 49.Nc4 Kf7 50.d6 Nf5
51.Bd5+ Kg7 52.Ka5 Nxe7 53.dxe7 Re8 54.Nxe5 fxe5 55.b6 Kf6 56.Bc6 Rxe7 57.b7 Rxb7
58.Bxb7 Kf5 59.Kb4 Kf4 60.Kc3 Ke3 61.Kc4 h4 62.Kd5 Kf4 63.Kc4 e4 64.Kd4 e3
65.Kd3 h3  1/2-1/2

[Event "TCh-BEL 2005-6"]
[Site "Belgium BEL"]
[Date "2006.01.21"]
[Round "7"]
[White "Feygin,M"]
[Black "Bezemer,A"]
[Result "1-0"]
[WhiteElo "2482"]
[BlackElo "2351"]

1.e4 c5 2.Nf3 d6 3.Nc3 a6 4.d4 cxd4 5.Nxd4 Nf6 6.Be3 e5 7.Nb3 Be6 8.Qd2 Nbd7
9.f3 b5 10.O-O-O Rc8 11.Kb1 Be7 12.g4 Nb6 13.Qf2 Nc4 14.Bxc4 bxc4 15.Nc5 O-O
16.N5a4 Rb8 17.Ba7 Ra8 18.Be3 Rb8 19.Nb6 Rb7 20.Ka1 Qb8 21.g5 Nh5 22.Ncd5 Bxd5
23.Nxd5 Rc8 24.c3 Bf8 25.Rd2 Rb5 26.Rf1 Qb7 27.f4 Nxf4 28.Bxf4 exf4 29.Qxf4 Qd7
30.h4 Rb7 31.Nf6+ gxf6 32.gxf6 h5 33.Qg5+ Kh7 34.Qxh5+ Bh6 35.Rg1  1-0

[Event "Winter Open"]
[Site "Belgrade SCG"]
[Date "2006.01.22"]
[Round "2"]
[White "Sarenac,I"]
[Black "Irizanin,R"]
[Result "1/2-1/2"]
[WhiteElo "2137"]
[BlackElo "2260"]

1.e4 c5 2.Nf3 d6 3.d4 cxd4 4.Nxd4 Nf6 5.Nc3 a6 6.Be3 e6 7.Be2 Be7 8.O-O Nc6
9.f4 Qc7 10.Qe1 O-O 11.Qg3 Nxd4 12.Bxd4 b5 13.a3 Bb7 14.Rae1 g6 15.Bd3 e5
16.Be3 exf4 17.Qxf4 Nd7 18.Bd4 Ne5 19.Re3 Qd8 20.Re2 Bg5 21.Qg3 Bf6 22.Kh1 Bg7
23.Ref2 Ng4 24.Qxg4 Bxd4 25.Re2 Qc8 26.Qxc8 Raxc8 27.Nd1 Kg7 28.c3 Bc5 29.Ne3 Bxe3
30.Rxe3 Rfe8 31.Re2 Rc7 32.Kg1 Re5 33.Rd1 Rce7 34.Red2 Bxe4 35.Bxe4 Rxe4
36.Rxd6 Re2 37.R6d2 h5 38.Kf1 R2e6 39.Kf2 g5 40.b3 h4  1/2-1/2

[Event "TCh-HUN 2005-6"]
[Site "Hungary HUN"]
[Date "2006.01.22"]
[Round "6"]
[White "Kubacsny,L"]
[Black "Anka,E"]
[Result "1/2-1/2"]
[WhiteElo "2384"]
[BlackElo "2425"]

1.e4 c5 2.Nf3 d6 3.d4 cxd4 4.Nxd4 Nf6 5.Nc3 a6 6.Be3 e5 7.Nb3 Be6 8.Qd2 Be7
9.f3 O-O 10.O-O-O Qc7 11.g4 Rc8 12.g5 Nh5 13.Kb1 Nd7 14.Qf2 b5 15.Rg1 b4
16.Nd5 Bxd5 17.exd5 a5 18.Rg4 a4 19.Nc1 Qb7 20.Qh4 Nf4 21.Bxf4 exf4 22.Rxf4 b3
23.cxb3 axb3 24.Nxb3 Qa7 25.a3 Ne5 26.Rb4 Nxf3 27.Qg3 Ne5 28.h4 Rab8 29.Bb5 Bf8
30.Nd4 Qc5 31.Qb3 Ra8 32.Nc6 Re8 33.Nxe5 Rxe5 34.Bc6 Rd8 35.Rc1 Qf2 36.Qc4 g6
37.Qd4 Qf5+ 38.Ka2 Bg7 39.Qf4 Qd3 40.Rc3 Qe2 41.Qf3 Qe1 42.Rcb3 Rf8 43.Rb8 Qxh4
44.Rxf8+ Bxf8 45.Rb8 Rxg5 46.Qc3 Qf4 47.a4 Rg1  1/2-1/2

[Event "TCh-HUN 2005-6"]
[Site "Hungary HUN"]
[Date "2006.01.22"]
[Round "6"]
[White "Grabics,M"]
[Black "Ballai,Z"]
[Result "1/2-1/2"]
[WhiteElo "2306"]
[BlackElo "2306"]

1.e4 c5 2.Nf3 d6 3.d4 cxd4 4.Nxd4 Nf6 5.Nc3 a6 6.Be3 e5 7.Nb3 Be6 8.f3 Nbd7
9.g4 Be7 10.g5 Nh5 11.Qd2 Rc8 12.O-O-O Qc7 13.Kb1 b5 14.Qf2 Nf4 15.h4 b4
16.Nd5 Nxd5 17.exd5 Bf5 18.Rh2 Ra8 19.f4 Bg4 20.Rc1 a5 21.Bb5 a4 22.Bb6 Qb8
23.Na5 O-O 24.Nc6 Qxb6 25.Nxe7+ Kh8 26.Bxd7 Qxf2 27.Rxf2 Bxd7 28.fxe5 dxe5
29.Re1 f6 30.gxf6 gxf6 31.Re4 Rab8 32.d6 Rb6 33.Rd2 Be6 34.b3 axb3 35.axb3 Rd8
36.h5  1/2-1/2

[Event "TCh-HUN 2005-6"]
[Site "Hungary HUN"]
[Date "2006.01.22"]
[Round "6"]
[White "Sax,G"]
[Black "Farkas,Ti"]
[Result "1/2-1/2"]
[WhiteElo "2539"]
[BlackElo "2334"]

1.e4 c5 2.Nf3 d6 3.d4 cxd4 4.Nxd4 Nf6 5.Nc3 a6 6.Be3 e5 7.Nf3 Be7 8.Bc4 Be6
9.Qe2 Nbd7 10.Bxe6 fxe6 11.O-O-O Qc7 12.Ng5 Nf8 13.f4 exf4 14.Bxf4 e5 15.Be3 Rc8
16.Rd3 Qd7 17.Rhd1 Ne6 18.Nxe6 Qxe6 19.Bg5 Rc6 20.Bxf6 Bxf6 21.Nd5 O-O 22.Kb1 Bg5
23.c3 Rf7 24.Nb4 Rb6 25.Rd5 Rc7 26.Qf2 Rc5 27.Rxc5 dxc5 28.Qxc5 Be7 29.Qc7 Bxb4
30.cxb4 h5 31.Rd8+ Kh7 32.Rd7 Qg6 33.Qxe5 Rxb4 34.a3 Qxe4+  1/2-1/2

[Event "II Open del Mercantil"]
[Site "Sevilla ESP"]
[Date "2006.01.22"]
[Round "3"]
[White "Melero Fidalgo,J"]
[Black "Komljenovic,D"]
[Result "0-1"]
[WhiteElo "2195"]
[BlackElo "2458"]

1.e4 c5 2.Nf3 d6 3.d4 cxd4 4.Nxd4 Nf6 5.Nc3 a6 6.Be3 e6 7.Qd2 Nbd7 8.f3 h5
9.O-O-O b5 10.Bd3 Bb7 11.Rhe1 Be7 12.h3 h4 13.a3 Ne5 14.Bg5 Rc8 15.f4 Nxd3+
16.Qxd3 Qa5 17.Nb3 Qc7 18.Kb1 O-O 19.e5 dxe5 20.fxe5 Rfd8 21.Qe2 Nd5 22.Nxd5 Rxd5
23.Bxe7 Qxe7 24.Rxd5 Bxd5 25.Qd2 Rc4 26.Nd4 Qc5 27.c3 a5 28.b4 Qb6 29.Re3 Rc8
30.g3 axb4 31.cxb4 Rc4 32.Nb3 Qd8 33.Kb2 Qg5 34.gxh4 Rxh4 35.Qe1 Rxh3 36.Rxh3 Qg2+
37.Qd2 Qxh3 38.Nd4 Qg3 39.Nxb5 Qxe5+ 40.Nc3 g5 41.Qd1 f5  0-1

[Event "FINEC IM"]
[Site "St Petersburg RUS"]
[Date "2006.01.23"]
[Round "7"]
[White "Erdogdu,M"]
[Black "Lanin,A"]
[Result "0-1"]
[WhiteElo "2345"]
[BlackElo "2449"]

1.e4 c5 2.Nf3 d6 3.d4 cxd4 4.Nxd4 Nf6 5.Nc3 a6 6.Be3 e5 7.Nb3 Be6 8.f3 Be7
9.Qd2 O-O 10.O-O-O Qc7 11.g4 Rc8 12.g5 Nh5 13.Nd5 Bxd5 14.exd5 Nd7 15.Bh3 a5
16.Qd3 a4 17.Nd2 a3 18.b3 Nf4 19.Bxf4 exf4 20.Bxd7 Qxd7 21.h4 Bd8 22.Ne4 Bb6
23.h5 Qe7 24.Kb1 Qe5 25.c3 h6 26.gxh6 gxh6 27.Rhe1 Be3 28.Rxe3 fxe3 29.Rg1+ Kh8
30.Qxe3 Kh7 31.f4 Rxc3 32.Qxc3 Qxe4+ 33.Qc2 Re8 34.Rg2 Qxc2+ 35.Kxc2 Re4
36.Rf2 Rd4 37.Kc3 Rxd5 38.f5 Kg7 39.f6+ Kf8 40.Kb4 Rxh5 41.Kxa3 Ke8 42.Kb4 Re5
43.a4 h5 44.a5 h4 45.Rh2 Rh5 46.Re2+ Kd8 47.Rd2 Kd7 48.Ka4 h3 49.Ra2 Ke6
50.b4 Kxf6 51.b5 Rh4+ 52.Kb3 Rh8 53.Kc4 Ke5 54.a6 bxa6 55.bxa6 Kf4  0-1

[Event "Winter Open"]
[Site "Belgrade SCG"]
[Date "2006.01.24"]
[Round "4"]
[White "Miladinovic,L"]
[Black "Simic,Ze"]
[Result "0-1"]
[WhiteElo "1765"]
[BlackElo "2219"]

1.e4 c5 2.Nf3 d6 3.d4 cxd4 4.Nxd4 Nf6 5.Nc3 a6 6.Be3 e5 7.Nb3 Be6 8.Qd2 Be7
9.f3 b5 10.g4 h6 11.h4 Nbd7 12.a3 Nb6 13.Qf2 Nc4 14.Bxc4 bxc4 15.Nd2 d5 16.exd5 Nxd5
17.Nxd5 Bxd5 18.Bc5 Rc8 19.Bxe7 Qxe7 20.c3 O-O 21.O-O f5 22.Qg3 Qc5+ 23.Kh2 Qe3
24.Rad1 fxg4 25.Rfe1 Qf4 26.Qxf4 exf4 27.fxg4 Rfe8 28.Kg1 g5 29.hxg5 hxg5
30.Kf2 Kf7 31.Nf3 Bxf3 32.Kxf3 Rxe1 33.Rxe1 Kf6 34.Re4 Rc6 35.Rd4 Ke5 36.Re4+ Kd5
37.Rd4+ Kc5 38.Re4 Rd6 39.Re5+ Rd5 40.Re8 Rd3+ 41.Ke2 Rd5 42.Kf3 Kd6 43.Re2 Re5
44.Rd2+ Kc5 45.Rd8 Re3+ 46.Kf2 Rg3 47.Rc8+ Kd5 48.Re8  0-1

[Event "ch-Kyiv"]
[Site "Kyiv UKR"]
[Date "2006.01.25"]
[Round "2"]
[White "Malienko,A"]
[Black "Moiseev,Ig"]
[Result "1-0"]
[WhiteElo "2223"]
[BlackElo "2297"]

1.e4 c5 2.Nf3 d6 3.d4 cxd4 4.Nxd4 Nf6 5.Nc3 a6 6.Be3 e5 7.Nb3 Be6 8.Nd5 Nbd7
9.f3 Bxd5 10.exd5 Be7 11.c4 Nh5 12.Qd2 O-O 13.Bd3 Nf4 14.O-O Nxd3 15.Qxd3 Bg5
16.Bf2 Rc8 17.Nc1 g6 18.b3 Qa5 19.Be1 Qa3 20.Ne2 b5 21.cxb5 Nc5 22.Qd1 axb5
23.Nc3 b4 24.Nb1 Qb2 25.Nd2 Qd4+ 26.Kh1 Bxd2 27.Bxd2 Nd3 28.Bh6 Rfe8 29.Qd2 f5
30.Rad1 e4 31.fxe4 fxe4 32.Qe3 Qxe3 33.Bxe3 Rc2 34.Kg1 Rxa2 35.Rf6 Re2 36.Bh6 Re1+
37.Rxe1 Nxe1 38.Rxd6 Nd3 39.Be3 Ra8 40.h4 Ra1+ 41.Kh2 Re1 42.Bh6 Kf7 43.Kg3 e3
44.Re6 Nc5 45.Rc6 Nxb3 46.Rc7+ Kf6 47.Bg7+ Kf5 48.Re7 g5 49.h5 Nd2 50.Re5+  1-0

[Event "Gibtelecom Masters"]
[Site "Gibraltar ENG"]
[Date "2006.01.26"]
[Round "3"]
[White "Swathi,G"]
[Black "Carame Gonzalez,F"]
[Result "1-0"]
[WhiteElo "2244"]
[BlackElo "1978"]

1.e4 c5 2.Nf3 d6 3.d4 cxd4 4.Nxd4 Nf6 5.Nc3 a6 6.Be3 e6 7.Be2 Be7 8.O-O Nbd7
9.f4 Qc7 10.Bf3 Rb8 11.Qd2 b5 12.e5 b4 13.exf6 bxc3 14.fxg7 Rg8 15.bxc3 Bb7
16.Bxb7 Rxb7 17.f5 e5 18.f6 exd4 19.Bxd4 Bxf6 20.Bxf6 Nxf6 21.Rxf6 Rxg7 22.Rxd6 Rb8
23.Qd4 Rg8 24.Rd1 Qe7 25.Rd5 Kf8 26.Rd8+  1-0

[Event "Gibtelecom Masters"]
[Site "Gibraltar ENG"]
[Date "2006.01.27"]
[Round "4"]
[White "Smith,AP"]
[Black "Tissir,M"]
[Result "0-1"]
[WhiteElo "2200"]
[BlackElo "2444"]

1.e4 c5 2.Nf3 d6 3.d4 cxd4 4.Nxd4 Nf6 5.Nc3 a6 6.Be3 e5 7.Nb3 Be6 8.f3 Be7
9.Qd2 O-O 10.O-O-O b5 11.g4 b4 12.Nd5 Bxd5 13.exd5 a5 14.Kb1 a4 15.Nc1 Qa5
16.h4 Na6 17.Bxa6 Rxa6 18.h5 b3 19.cxb3 axb3 20.a3 Qc7 21.Rh2 Ra5 22.Nxb3 Rxd5
23.Qe2 Qb7 24.Nc1 Rb8 25.Rxd5 Nxd5 26.Na2 Qb3 27.Bc1 Qxa3 28.Qc4 Qxf3 29.h6 gxh6
30.Rxh6 Nf6 31.Nc3 Nxg4 32.Nd5 Qf5+ 33.Ka2 Ra8+ 34.Kb3 Bf8 35.Qxg4+ Qxg4
36.Nf6+ Kg7 37.Nxg4 f5 38.Nf2 f4 39.Rh1 Kg6 40.Kc4 Ra5 41.b4 d5+ 42.Kb3 Ra1
43.b5 Ra5 44.Nd3 Bd6 45.Bb2 Rxb5+ 46.Ka4 Rb7 47.Nxe5+ Bxe5 48.Bxe5 Kf5 49.Bd6 Ke4
50.Rh4 Rf7 51.Kb4 d4 52.Kc4 d3 53.Kc3 Rf6 54.Rxf4+ Rxf4 55.Bxf4 Kxf4 56.Kxd3 Kf3
57.Kd2 h5 58.Ke1 Kg2  0-1

[Event "Gibtelecom Masters"]
[Site "Gibraltar ENG"]
[Date "2006.01.28"]
[Round "5"]
[White "Shirov,A"]
[Black "Sandipan,C"]
[Result "1/2-1/2"]
[WhiteElo "2709"]
[BlackElo "2522"]

1.e4 c5 2.Nf3 d6 3.d4 cxd4 4.Nxd4 Nf6 5.Nc3 a6 6.Be3 e5 7.Nb3 Be6 8.f3 Be7
9.Qd2 O-O 10.O-O-O Nbd7 11.g4 b5 12.g5 b4 13.Ne2 Ne8 14.Ng3 a5 15.Kb1 a4
16.Nc1 Qb8 17.Nf5 Bd8 18.Nxd6 b3 19.Nc4 Be7 20.cxb3 axb3 21.Nxb3 Nc7 22.Qxd7 Bxd7
23.Rxd7 Ne6 24.Rxe7 Qd8 25.Rxe6 Qd1+ 26.Nc1 Qxf3 27.Rg1 fxe6 28.Bg2 Qh5 29.h3 Rad8
30.Nxe5 Rd1 31.Bf3 Rxc1+ 32.Kxc1 Rxf3 33.Nxf3 Qxf3 34.Bd2 Qxe4 35.Rg3 Qc4+
36.Kb1 Qe4+ 37.Kc1 Qc4+ 38.Kb1 Qe4+  1/2-1/2

[Event "Gibtelecom Masters"]
[Site "Gibraltar ENG"]
[Date "2006.01.30"]
[Round "7"]
[White "Nimmy,A"]
[Black "Jaime Montalvan,L"]
[Result "0-1"]
[WhiteElo "2123"]
[BlackElo "2242"]

1.e4 c5 2.Nf3 d6 3.d4 cxd4 4.Nxd4 Nf6 5.Nc3 a6 6.Be3 e5 7.Nb3 Be7 8.Be2 O-O
9.O-O Be6 10.f4 Qc7 11.Qe1 b5 12.a3 Nbd7 13.Qg3 Kh8 14.Rac1 Rac8 15.Bf3 Nb6
16.Nd2 exf4 17.Qxf4 Nfd7 18.Nd5 Bxd5 19.exd5 Bf6 20.c3 Be5 21.Qf5 Nf6 22.Qd3 Nc4
23.Nxc4 bxc4 24.Qf5 Rb8 25.Rc2 Rb5 26.Rd2 Nd7 27.g3 Nc5 28.Be2 Na4 29.Rb1 g6
30.Qc2 Rb3 31.Qe4 Rc8 32.Bd1 f5 33.Qf3 Nxc3 34.Bxb3 Nxb1 35.Rc2 Nc3 36.Bxc4 Qxc4
37.bxc3 Qd3 38.Rb2 Rxc3 39.Rb8+ Kg7 40.Rb7+ Kf6 41.Kf2 Rc2+ 42.Kg1 Rc1+ 43.Kg2 Rc2+
44.Kg1 Rc3 45.Kf2 Bd4  0-1

[Event "Gibtelecom Masters"]
[Site "Gibraltar ENG"]
[Date "2006.01.30"]
[Round "7"]
[White "Tissir,M"]
[Black "Vinas Guerrero,C"]
[Result "1/2-1/2"]
[WhiteElo "2444"]
[BlackElo "2160"]

1.e4 c5 2.Nf3 d6 3.d4 cxd4 4.Nxd4 Nf6 5.Nc3 a6 6.Be3 e5 7.Nb3 Be6 8.f3 Nbd7
9.Qd2 Be7 10.O-O-O b5 11.Kb1 b4 12.Nd5 Bxd5 13.exd5 Nb6 14.Bxb6 Qxb6 15.g4 a5
16.g5 Nh5 17.h4 Nf4 18.Nc1 h6 19.Bc4 Rc8 20.b3 hxg5 21.Ne2 Nxe2 22.Qxe2 Rxh4
23.Rxh4 gxh4 24.f4 Bf6 25.fxe5 Bxe5 26.Qg4 Rxc4 27.Qxc4 g5 28.Qc8+ Qd8 29.Qg4 Qf6
30.Qe2 Kf8 31.Rf1 Bf4 32.Qa6 Qd4 33.Qc8+ Kg7 34.Qf5 Qe5 35.Qg4 Kh6 36.Qc8 Kg7
37.Qg4 Kh6 38.Qc8 Kh7 39.Qg4 Kg6 40.Qc8 Kh7 41.Qg4 Qe3 42.a3 bxa3 43.Ka2 Kh6
44.Qc8 Kg7 45.Qg4 h3 46.Kxa3 h2 47.Qg2 Qc5+ 48.Ka2 Qe3 49.Ka3 Qc5+ 50.Ka2 Qe3
51.Ka3 f5 52.c4 Qd2 53.Qh3 Qb4+ 54.Ka2 Qd2+ 55.Ka3 Qb4+ 56.Ka2 Qd2+ 57.Ka3  1/2-1/2

[Event "Gibtelecom Masters"]
[Site "Gibraltar ENG"]
[Date "2006.01.30"]
[Round "7"]
[White "Bakre,T"]
[Black "Efimenko,Z"]
[Result "1/2-1/2"]
[WhiteElo "2480"]
[BlackElo "2666"]

1.e4 c5 2.Nc3 d6 3.Nf3 Nf6 4.d4 cxd4 5.Nxd4 a6 6.Be3 e5 7.Nf3 Be7 8.Bc4 O-O
9.O-O Nc6 10.Bg5 Na5 11.Bb3 Be6 12.Bxf6 Bxf6 13.Nd5 Be7 14.Qd3 Rc8 15.Rfd1 Nxb3
16.cxb3 Bg5 17.Nxg5 Qxg5 18.Ne3 Rc6 19.Rac1 Rfc8 20.Rc3 Qe7 21.h3 h6 22.Rdc1 Qd7
23.Rxc6 Rxc6 24.Rc3 g6 25.Kh2 Kf8 26.Nd5 Rxc3 27.bxc3 Qc6 28.c4 Qc5 29.Qe3 Qxe3
30.Nxe3 f5 31.f3 Ke7 32.Kg1 Kd7 33.Kf2 Kc6 34.Ke2 b5 35.Kd3 Kc5 36.Kc3 bxc4
37.bxc4 f4 38.Nd5 g5 39.a3 a5 40.Nf6 Kb6 41.Ng4 Kc5 42.Nf6 Bf7 43.Nd7+ Kc6
44.Nf6 Kb6 45.Nd5+ Kc5 46.Nf6 h5 47.Nd7+ Kc6 48.Nf6 Kb6 49.Nh7 Kc5 50.Nf6 Kc6
51.Kb3 Kc5 52.Kc3 Bg6 53.Kd3 Kb6 54.Kc3 Bf7 55.Kb3 Kc6 56.Kc3 Kb6 57.Kb3 Kc5
58.Kc3  1/2-1/2

[Event "11th HIT Open A"]
[Site "Nova Gorica SLO"]
[Date "2006.01.31"]
[Round "8"]
[White "Novak,Ks"]
[Black "Nikolov,Sas"]
[Result "1/2-1/2"]
[WhiteElo "2180"]
[BlackElo "2381"]

1.e4 c5 2.Nf3 d6 3.d4 cxd4 4.Nxd4 Nf6 5.Nc3 a6 6.Be3 e5 7.Nb3 Be6 8.f3 Nbd7
9.g4 Rc8 10.g5 Rxc3 11.bxc3 Nh5 12.Qd2 Be7 13.Rg1 O-O 14.a4 Qc7 15.a5 Rc8
16.Be2 Nf8 17.Nc1 Ng6 18.Nd3 d5 19.Bb6 Qc6 20.Nb4 Bxb4 21.cxb4 dxe4 22.fxe4 Qxe4
23.O-O-O Nhf4 24.Rge1 h6 25.gxh6 Nxe2+ 26.Rxe2 Qc4 27.Rg2 Qa2 28.Qd3 Bd5
29.Rxg6 e4 30.Rxg7+ Kh8 31.Qe2 Qa3+ 32.Kd2 Qc3+ 33.Kc1 Qa3+ 34.Kd2 Qc3+  1/2-1/2

[Event "TCh-FRA Top 16 Gp A"]
[Site "Clichy FRA"]
[Date "2006.02.03"]
[Round "1"]
[White "Dourerassou,J"]
[Black "Relange,E"]
[Result "0-1"]
[WhiteElo "2354"]
[BlackElo "2490"]

1.e4 c5 2.Nf3 d6 3.d4 cxd4 4.Nxd4 Nf6 5.Nc3 a6 6.Be3 e6 7.g4 b5 8.Bg2 Bb7
9.g5 Nfd7 10.f4 Nc6 11.O-O Be7 12.Qh5 O-O 13.Rad1 Nxd4 14.Bxd4 b4 15.Rd3 e5
16.fxe5 dxe5 17.Rh3 h6 18.gxh6 g6 19.Rg3 Kh8 20.Bxe5+ Nxe5 21.Qxe5+ f6 22.Qe6 bxc3
23.Rxg6 Qd4+ 24.Kh1 Qe5 25.Qd7 Bxe4 26.Rg7 Rg8 27.bxc3 Bxg2+ 28.Kxg2 Rxg7+
29.hxg7+ Kxg7 30.Rf3 Rd8 31.Qg4+ Qg5 32.Qxg5+ fxg5 33.Rd3 Rc8 34.Rd7 Kf7
35.Ra7 Rc6 36.c4 Ke6 37.Kf3 Bf6 38.Ra8 Kf5 39.a4 Rxc4 40.Rxa6 Rc3+ 41.Kg2 Rxc2+
42.Kh1 Be5 43.Rh6 Kg4 44.Kg1 Ra2 45.h4 Kf3  0-1

[Event "TCh-NED 2005-6"]
[Site "Netherlands NED"]
[Date "2006.02.04"]
[Round "6"]
[White "Smeets,J"]
[Black "Bosboom,M"]
[Result "1-0"]
[WhiteElo "2550"]
[BlackElo "2402"]

1.e4 c5 2.Nf3 d6 3.d4 cxd4 4.Nxd4 Nf6 5.Nc3 a6 6.Be3 e6 7.f3 h5 8.Qd2 Nbd7
9.Bc4 Ne5 10.Bb3 b5 11.a4 b4 12.Na2 d5 13.exd5 Nxd5 14.Bg5 f6 15.Bh4 g5 16.Bf2 Bh6
17.Rd1 g4 18.f4 Bxf4 19.Qe2 Qd6 20.c4 bxc3 21.Nxc3 Rb8 22.O-O Rxb3 23.Nxb3 Nxc3
24.bxc3 Qc7 25.Bg3 Bxg3 26.hxg3 O-O 27.Nd4 Qxc3 28.Rxf6 Nf3+ 29.Rxf3 gxf3
30.Nxf3 Qf6 31.Ne5 Qg5 32.Kh2 Qf5 33.Nf3 Qf6 34.Qe4 Kg7 35.Qc6 Qf5 36.Re1 h4
37.Nxh4  1-0

[Event "FSIMA February"]
[Site "Budapest HUN"]
[Date "2006.02.06"]
[Round "3"]
[White "Pavel,M"]
[Black "Nguyen Huynh Minh H"]
[Result "1-0"]
[WhiteElo "2190"]
[BlackElo "2217"]

1.e4 c5 2.Nf3 d6 3.d4 cxd4 4.Nxd4 Nf6 5.Nc3 a6 6.Be3 e5 7.Nb3 Be6 8.f3 Be7
9.Qd2 O-O 10.O-O-O Nbd7 11.g4 Qc7 12.g5 Nh5 13.Kb1 Rfc8 14.f4 exf4 15.Bxf4 Nxf4
16.Qxf4 Ne5 17.Nd4 Re8 18.h4 Rac8 19.h5 Nc4 20.Bxc4 Bxc4 21.Nf5 b5 22.Ne3 Qa5
23.Nxc4 Rxc4 24.Rdf1 Rf8 25.Nd5 Qd8 26.Rhg1 Qe8 27.Nf6+ gxf6 28.gxf6+ Kh8
29.Qh6 Rg8 30.Rg7  1-0

[Event "ch-CUB sf"]
[Site "Santa Clara CUB"]
[Date "2006.02.08"]
[Round "4"]
[White "Corrales,Fi"]
[Black "Quezada,Y"]
[Result "1/2-1/2"]
[WhiteElo "2468"]
[BlackElo "2501"]

1.e4 c5 2.Nf3 d6 3.d4 cxd4 4.Nxd4 Nf6 5.Nc3 a6 6.Be3 e5 7.Nb3 Be7 8.f3 Be6
9.Qd2 O-O 10.O-O-O Nbd7 11.g4 b5 12.g5 b4 13.Ne2 Ne8 14.f4 a5 15.f5 a4 16.Nbd4 exd4
17.Nxd4 b3 18.a3 bxc2 19.Re1 Ba2 20.Nc6 Nc5 21.Bxc5 Bxg5 22.Be3 Bxe3 23.Qxe3 Qf6
24.Rg1 Nc7 25.Re2 Rfc8 26.Reg2 Ne8 27.Bb5 Kh8 28.Nd4 Rab8 29.Bxe8 Rxe8 30.Rxg7 Bb3
31.R7g4 d5 32.Nc6 dxe4 33.Nxb8 Qd6 34.Qd2 Qxd2+ 35.Kxd2 Rxb8 36.Rxe4 Rd8+
37.Ke3 Rc8 38.Kd2 Rd8+  1/2-1/2

[Event "ch-CUB sf"]
[Site "Santa Clara CUB"]
[Date "2006.02.08"]
[Round "4"]
[White "Gonzalez,Y"]
[Black "Vera,R"]
[Result "0-1"]
[WhiteElo "2511"]
[BlackElo "2497"]

1.e4 c5 2.Nf3 d6 3.d4 Nf6 4.Nc3 cxd4 5.Nxd4 a6 6.Be3 e5 7.Nb3 Be6 8.f3 Be7
9.Qd2 O-O 10.O-O-O Nbd7 11.g4 b5 12.g5 b4 13.Ne2 Ne8 14.Kb1 a5 15.Ng3 a4
16.Nc1 Qb8 17.Nf5 Bd8 18.Nxd6 b3 19.Nc4 bxa2+ 20.Nxa2 Be7 21.Qxd7 Bxd7 22.Rxd7 Bd8
23.Be2 Nc7 24.Nxe5 Ne6 25.Rd5 Bxg5 26.Nd7 Qc7 27.Bxg5 Rfc8 28.Bd2 Qxc2+ 29.Ka1 a3
30.Rb1 Nf4 31.Bxf4 Qxe2 32.Rd2 Qxf3 33.Be5 f6 34.Bg3 axb2+ 35.Rdxb2 Rxa2+
36.Rxa2 Qc3+ 37.Rbb2 Qc1+ 38.Rb1 Qc3+ 39.Rbb2 Qd4  0-1

[Event "FSIMA February"]
[Site "Budapest HUN"]
[Date "2006.02.10"]
[Round "7"]
[White "Bednay,B"]
[Black "Nguyen Huynh Minh H"]
[Result "0-1"]
[WhiteElo "2231"]
[BlackElo "2217"]

1.e4 c5 2.Nf3 d6 3.d4 cxd4 4.Nxd4 Nf6 5.Nc3 a6 6.Be3 e5 7.Nb3 Be6 8.f3 Be7
9.Qd2 O-O 10.O-O-O Nbd7 11.g4 b5 12.g5 b4 13.Nd5 Nxd5 14.exd5 Bf5 15.h4 a5
16.Bd3 a4 17.Na5 b3 18.axb3 Rxa5 19.Bxf5 axb3 20.Qd3 g6 21.Bxd7 bxc2 22.Kxc2 Qxd7
23.Ra1 Rfa8 24.Rxa5 Rxa5 25.Rc1 Qa4+ 26.Kd2 Qb4+ 27.Ke2 Qxh4  0-1

[Event "ch-UKR b-20"]
[Site "Lviv UKR"]
[Date "2006.02.12"]
[Round "11"]
[White "Zhornik,N"]
[Black "Vovk,A"]
[Result "1/2-1/2"]
[WhiteElo "2280"]
[BlackElo "2325"]

1.e4 c5 2.Nf3 d6 3.d4 cxd4 4.Nxd4 Nf6 5.Nc3 a6 6.Be3 e6 7.f3 b5 8.Qd2 Nbd7
9.O-O-O Bb7 10.Nb3 Rc8 11.a4 b4 12.Na2 a5 13.g4 Ne5 14.Bb5+ Bc6 15.Qe2 Be7
16.Nd4 Bxb5 17.Qxb5+ Nfd7 18.b3 O-O 19.Kb1 Qc7 20.Qe2 Nc5 21.Bc1 Rfd8 22.Bb2 Nc6
23.Nb5 Qb6 24.Nc1 Na7 25.Nd4 Nc6 26.Nb5 Na7 27.Nxa7 Qxa7 28.h4 Qa6 29.Qf2 Qc6
30.Rd2 d5 31.e5 Nd7 32.Nd3  1/2-1/2

[Event "Premier"]
[Site "Portsmouth ENG"]
[Date "2006.02.19"]
[Round "6"]
[White "Gormally,D"]
[Black "Kobese,W"]
[Result "1/2-1/2"]
[WhiteElo "2573"]
[BlackElo "2397"]

1.e4 c5 2.Nc3 a6 3.Nf3 d6 4.d4 cxd4 5.Nxd4 Nf6 6.Be3 e6 7.f3 b5 8.Qd2 Bb7
9.O-O-O Nbd7 10.g4 Nb6 11.Qf2 Nfd7 12.Bd3 Rc8 13.Nce2 d5 14.e5 Nxe5 15.Nxe6 fxe6
16.Bxb6 Qf6 17.Qe3 Bd6 18.f4 Nxd3+ 19.Rxd3 O-O 20.Bd4 Bxf4 21.Nxf4 Qxf4 22.Qxf4 Rxf4
23.Re1 Re4  1/2-1/2

[Event "Festival de Meurthe-et-Moselle A"]
[Site "Nancy FRA"]
[Date "2006.02.20"]
[Round "1"]
[White "Cioara,A"]
[Black "Becker,Mart"]
[Result "0-1"]
[WhiteElo "2440"]
[BlackElo "2353"]

1.e4 c5 2.Nf3 d6 3.d4 cxd4 4.Nxd4 Nf6 5.Nc3 a6 6.Be3 e5 7.Nb3 Be6 8.Qd2 Nbd7
9.f3 b5 10.O-O-O Rc8 11.Kb1 Be7 12.g4 Nb6 13.Qf2 Nfd7 14.Nd5 Bxd5 15.exd5 O-O
16.f4 Nc4 17.Bc1 exf4 18.Qxf4 Bf6 19.Nd4 Qa5 20.Qf5 g6 21.Qf2 Qb4 22.Bxc4 Qxc4
23.g5 Bg7 24.Nc6 Rfe8 25.Rhe1 Ne5 26.Qg2 Nxc6 27.dxc6 Rxe1 28.Rxe1 Be5 29.Rf1 Qxc6
30.Qf2 Qc4 31.h4 a5 32.Rh1 a4 33.a3 b4 34.axb4 Qxb4 35.Rh3 Rb8 36.b3 Qe4
37.Ka2 Ra8 38.Ba3 axb3+ 39.Rxb3 Qd5 40.Qe1 Qc4 41.Kb1 Rc8 42.Qf2 Qe4 43.Bb2 Qh1+
44.Ka2 Ra8+ 45.Ra3 Qd5+ 46.Kb1 Rb8 47.c3 Qd3+ 48.Ka1 Rc8 49.Ra7 Qd1+ 50.Ka2 Qd5+
51.Kb1 Bxc3 52.Qc2 Qc5 53.Ra4 Rb8 54.Ra2 Qg1+ 55.Qc1 Qxc1+  0-1

[Event "Festival de Meurthe-et-Moselle B"]
[Site "Nancy FRA"]
[Date "2006.02.23"]
[Round "6"]
[White "Heinz,Ti"]
[Black "Julian,S"]
[Result "1/2-1/2"]
[WhiteElo "2261"]
[BlackElo "2178"]

1.e4 c5 2.Nf3 d6 3.d4 cxd4 4.Nxd4 Nf6 5.Nc3 a6 6.Be3 e6 7.g4 h6 8.f4 e5 9.Nf5 Bxf5
10.gxf5 Nc6 11.Bg2 Qa5 12.Qe2 O-O-O 13.O-O exf4 14.Bxf4 Ne5 15.Rad1 Be7 16.a3  1/2-1/2

[Event "13th Open Metalis"]
[Site "Bizovac CRO"]
[Date "2006.02.24"]
[Round "3"]
[White "Jurkovic,A"]
[Black "Fercec,N"]
[Result "0-1"]
[WhiteElo "2352"]
[BlackElo "2508"]

1.e4 c5 2.Nf3 d6 3.d4 cxd4 4.Nxd4 Nf6 5.Nc3 a6 6.Be3 e5 7.Nb3 Be6 8.Qd2 Be7
9.f3 O-O 10.O-O-O Nbd7 11.g4 b5 12.Kb1 b4 13.Ne2 a5 14.Ng3 Nb6 15.Nf5 Bxf5
16.gxf5 a4 17.Nc1 d5 18.Qg2 Kh8 19.Qg3 Qc7 20.Bxb6 Qxb6 21.exd5 b3 22.cxb3 axb3
23.axb3 Nd7 24.Bc4 Bf6 25.Nd3 Rfc8 26.Rhe1 e4 27.fxe4 Bd4 28.Kc2 Ra2 29.Rb1 Qa5
30.Kd1 f6 31.Ke2 Qa7 32.Kf1 h6 33.Nb4 Ne5 34.Nxa2 Qxa2 35.Rec1 Qa7 36.Ra1 Qb7
37.Qg2 Re8 38.Rd1 Bb6 39.Bb5 Rd8 40.Qe2 Nf7  0-1

[Event "13th Open Metalis"]
[Site "Bizovac CRO"]
[Date "2006.02.24"]
[Round "3"]
[White "Zufic,M"]
[Black "Predojevic,B"]
[Result "1/2-1/2"]
[WhiteElo "2406"]
[BlackElo "2553"]

1.e4 c5 2.Nf3 d6 3.d4 cxd4 4.Nxd4 Nf6 5.Nc3 a6 6.Be3 e5 7.Nb3 Be6 8.f4 exf4
9.Bxf4 Nc6 10.Qe2 Be7 11.h3 Nd7 12.O-O-O Nce5 13.Kb1 Rc8 14.Nd5 Bxd5 15.exd5 O-O
16.g4 Re8 17.Qg2 Bg5 18.Bxe5 Rxe5 19.h4 Be3 20.g5 Qe7 21.Qf3 Re8 22.a3 Bb6
23.Bd3 Re3 24.Qf5 g6 25.Qf4 Ne5 26.Bf1 Nf3 27.Bd3 Ne5 28.Bf1 Rf3 29.Qb4 Qc7
30.Rh2 Rc8  1/2-1/2

[Event "13th Open Metalis"]
[Site "Bizovac CRO"]
[Date "2006.02.24"]
[Round "4"]
[White "Ascic,P"]
[Black "Ljangov,P"]
[Result "1-0"]
[WhiteElo "2363"]
[BlackElo "2166"]

1.e4 c5 2.Nf3 d6 3.d4 Nf6 4.Nc3 cxd4 5.Nxd4 a6 6.Be3 e6 7.f3 b5 8.Qd2 Nbd7
9.g4 h6 10.h4 Bb7 11.Be2 b4 12.Na4 d5 13.Rg1 dxe4 14.g5 Nd5 15.fxe4 Nxe3
16.Qxe3 hxg5 17.hxg5 Nc5 18.O-O-O Qc7 19.g6 Nxa4 20.gxf7+ Qxf7 21.Bg4 Nc5
22.Rgf1 Qe7 23.Kb1 O-O-O 24.a3 Rh4 25.Qe2 b3 26.cxb3 Bxe4+ 27.Ka2 Bd5 28.Rc1 Kb7
29.Ka1 Be4 30.b4 Rxd4 31.bxc5 Bd5 32.c6+ Bxc6 33.Rxc6 Kxc6 34.Qxa6+ Kd7 35.Qa7+ Ke8
36.Qxd4  1-0